MARC details
| 000 -CABECERA |
| campo de control de longitud fija |
01137ngm a2200277 a 4500 |
| 005 - FECHA Y HORA DE LA ÚLTIMA TRANSACCIÓN |
| campo de control |
20210223123408.0 |
| 008 - ELEMENTOS DE LONGITUD FIJA--INFORMACIÓN GENERAL |
| campo de control de longitud fija |
991125s1980 mx 120 aaspa u |
| 035 ## - NÚMERO DE CONTROL DEL SISTEMA |
| Número de control de sistema |
UPN01000052629 |
| 049 ## - COLECCIÓN |
| Colección |
AV |
| 050 #4 - SIGNATURA TOPOGRÁFICA DE LA BIBLIOTECA DEL CONGRESO |
| Número de clasificación |
PVI AC 713 |
| 245 00 - MENCIÓN DE TÍTULO |
| Título |
Sale y vale, 4. |
| 260 ## - PUBLICACIÓN, DISTRIBUCIÓN, ETC. |
| Lugar de publicación, distribución, etc. |
México : |
| Nombre del editor, distribuidor, etc. |
CNCA : |
| -- |
SEP, |
| Fecha de publicación, distribución, etc. |
[198-]. |
| 300 ## - DESCRIPCIÓN FÍSICA |
| Extensión |
1 videocasete (VHS) (120 min.) ; |
| Otras características físicas |
son., col. |
| 440 #0 - MENCIÓN DE SERIE/ASIENTO SECUNDARIO--TÍTULO |
| Título |
Sale y vale ; |
| Designación de volumen o secuencia |
4 |
| 505 8# - NOTA DE CONTENIDO CON FORMATO PREESTABLECIDO |
| Nota de contenido con formato |
Contenido: |
| Título |
La energía eléctrica -- |
| -- |
Origen del Himno Nacional -- |
| -- |
Yo y mi comunidad -- |
| -- |
El niño, la familia y la casa |
| 520 ## - NOTA DE RESUMEN, ETC. |
| Sumario, etc. |
Los amigos de la pandilla tienen una interrupción de energía eléctrica en su club, por ello se dedican a investigar sobre este tema y también sobre su comunidad, el origen del himno nacional y la familia |
| 650 #4 - ASIENTO SECUNDARIO DE MATERIA - TERMINO TEMATICO |
| Término de materia o nombre geográfico como elemento de entrada |
CANCIONES NACIONALES MEXICANAS |
| 9 (RLIN) |
5895 |
| 650 #4 - ASIENTO SECUNDARIO DE MATERIA - TERMINO TEMATICO |
| Término de materia o nombre geográfico como elemento de entrada |
COMUNIDAD, ORGANIZACION DE LA |
| 9 (RLIN) |
8907 |
| 650 #4 - ASIENTO SECUNDARIO DE MATERIA - TERMINO TEMATICO |
| Término de materia o nombre geográfico como elemento de entrada |
ELECTRIFICACION |
| 9 (RLIN) |
20227 |
| 650 #4 - ASIENTO SECUNDARIO DE MATERIA - TERMINO TEMATICO |
| Término de materia o nombre geográfico como elemento de entrada |
VIDA FAMILIAR - |
| Subdivisión general |
EDUCACION |
| 9 (RLIN) |
15116 |
| 740 3# - ASIENTO SECUNDARIO - TÍTULOS RELACIONADOS /ANALITICOS NO CONTROLADOS |
| Título relacionado o analítico no controlado |
La energía eléctrica |
| 740 0# - ASIENTO SECUNDARIO - TÍTULOS RELACIONADOS /ANALITICOS NO CONTROLADOS |
| Título relacionado o analítico no controlado |
Origen del Himno Nacional |
| 740 0# - ASIENTO SECUNDARIO - TÍTULOS RELACIONADOS /ANALITICOS NO CONTROLADOS |
| Título relacionado o analítico no controlado |
Yo y mi comunidad |
| 740 3# - ASIENTO SECUNDARIO - TÍTULOS RELACIONADOS /ANALITICOS NO CONTROLADOS |
| Título relacionado o analítico no controlado |
El niño, la familia y la casa |
| 905 ## - TIPO DE MATERIAL |
| Tipo de material |
Audiovisuales |